Servette FC - Les bases - Statistiques

Statistiques générales
  • Ce quiz a été pris 23 fois
  • Le résultat moyen est 7 sur 10
Statistiques - réponses
Hint Réponse % Correct
Quel est le sport principal du club? Le football
95%
Quel autre surnom donne-t-on aux servettiens? Les Grenats
91%
Comment s'appelle le stade actuel du SFC? Le Stade de Genève
91%
Quel est le principal groupe de supporters? La Section Grenat
82%
Comment s'appelle le stade mythique du SFC? Le Stade des Charmilles
82%
Quel est le surnom du stade actuel du SFC? La Praille
77%
Quelle est la date de création du club? 1890
73%
Quel est le premier sport que jouaient les servettiens? Le rugby
68%
Quelle est la date de création de ce groupe de supporters? 1988
55%
Quel joueur emblématique porte les initiales JF? Jacques "Jacky" Fatton
32%
Aucun quiz correspondant
Distribution des résultats
% des personnes avec chaque résultat
Percentile par nombre de réponses
Votre historique - résultats
Vous n’avez pas pris ce quiz